000 00596nam a2200241Ia 4500
003 OSt
005 20221007105200.0
006 a|||||r|||| 00| 0
007 ta
008 221006b |||||||| |||| 00| 0 eng d
024 _a17,860
037 _cTextual
040 _aLCO
_cLCO
_beng
041 _2eng
_aeng
082 _aZ2,3y7, K7
100 _aSmith V.P
_9706494
245 0 _aKnow your Contract Cases
260 _aLondon
_bButterworths UK
_c1967
300 _a103
650 _aCONTRACT
942 _hZ2,3y7, K7
_cTEXL
999 _c1187423
_d1187423